[Event "XI Weekend D"]
[Site "Gorgonzola ITA"]
[Date "2006.11.19"]
[Round "5"]
[White "Fornari, Sergio"]
[Black "Brocca, Lorenzo"]
[Result "0-1"]
[WhiteElo "1397"]
[BlackElo "1415"]
[PlyCount "86"]
[EventDate "2006.11.11"]

1. d4 Nf6 2. Nf3 e6 3. Bg5 d5 4. e3 Nbd7 5. Bd3 Be7 6. Nbd2 O-O 7. c3 c5 8. Qe2
Re8 9. e4 Nxe4 10. Bxe7 Qxe7 11. Nxe4 dxe4 12. Qxe4 Nf6 13. Qh4 cxd4 14. Qxd4
e5 15. Qe3 e4 16. Bb5 exf3 17. Bxe8 Qxe3+ 18. fxe3 fxg2 19. Bxf7+ Kxf7 20. Rg1
Bh3 21. Kf2 Ne4+ 22. Kf3 Re8 23. Kf4 g5+ 24. Kf3 g4+ 25. Kf4 Nd2 26. Rgd1 Nf3
27. b3 Re7 28. c4 Nxh2 29. Rac1 Nf3 30. c5 g1=Q 31. Rxg1 Nxg1 32. Rxg1 h5 33.
Rd1 Bg2 34. a4 Bf3 35. Rd2 h4 36. b4 h3 37. b5 Re4+ 38. Kg3 Rxe3 39. Kh2 Ke7
40. a5 Re2+ 41. Rxe2+ Bxe2 42. b6 axb6 43. cxb6 Kd6 0-1

[Event "XI Weekend D"]
[Site "Gorgonzola ITA"]
[Date "2006.11.19"]
[Round "5"]
[White "Mazzarelli, Sergio"]
[Black "Spano', Pietro"]
[Result "1/2-1/2"]
[WhiteElo "1452"]
[BlackElo "1413"]
[PlyCount "45"]
[EventDate "2006.11.11"]

1. d4 Nf6 2. c4 g6 3. Nc3 Bg7 4. e4 d6 5. f3 O-O 6. Bg5 h6 7. Be3 e5 8. d5 c6
9. Qd2 Kh7 10. Nge2 cxd5 11. cxd5 b6 12. Ng3 Nbd7 13. Be2 a5 14. Nb5 Nc5 15.
O-O Ba6 16. f4 Nfxe4 17. Nxe4 Nxe4 18. Qc2 Nc5 19. fxe5 Bxe5 20. Bf4 Bxf4 21.
Rxf4 Qd7 22. a4 Rac8 23. Rf6 1/2-1/2

[Event "XI Weekend D"]
[Site "Gorgonzola ITA"]
[Date "2006.11.19"]
[Round "5"]
[White "Merlini, Luigi"]
[Black "Piana, Bruno"]
[Result "1/2-1/2"]
[WhiteElo "1489"]
[BlackElo "1449"]
[PlyCount "75"]
[EventDate "2006.11.11"]

1. e4 c5 2. Nf3 e6 3. d4 cxd4 4. Nxd4 Nf6 5. Nc3 a6 6. Bg5 Be7 7. Be2 Qc7 8.
O-O O-O 9. Kh1 d6 10. f4 Nbd7 11. f5 Nc5 12. Bxf6 Bxf6 13. Bg4 Re8 14. Qd2 b5
15. a3 Bd7 16. Rae1 Rac8 17. Re2 e5 18. Nf3 Bc6 19. Nd5 Bxd5 20. Qxd5 Red8 21.
c3 Na4 22. Qb3 Nc5 23. Qc2 d5 24. Nd2 d4 25. cxd4 Rxd4 26. Nf3 Rc4 27. Qb1 Nb3
28. Ree1 Rc2 29. h3 Qc4 30. Kh2 Nc5 31. Rc1 Nxe4 32. Rce1 Nd2 33. Nxd2 Rxd2 34.
Rc1 Rc2 35. Rxc2 Qxc2 36. Qxc2 Rxc2 37. b4 Kf8 38. Re1 1/2-1/2

[Event "XI Weekend D"]
[Site "Gorgonzola ITA"]
[Date "2006.11.19"]
[Round "5"]
[White "Paravella, Alberto"]
[Black "Galli, Fabrizio"]
[Result "0-1"]
[WhiteElo "1470"]
[BlackElo "1472"]
[PlyCount "70"]
[EventDate "2006.11.11"]

1. e4 e5 2. Nf3 Nc6 3. d4 exd4 4. Nxd4 Nxd4 5. Qxd4 Nf6 6. e5 c5 7. Qh4 Nd5 8.
Qxd8+ Kxd8 9. Bg5+ Kc7 10. a3 d6 11. Bc4 Be6 12. Nd2 dxe5 13. Rd1 Re8 14. Bb5
Rc8 15. O-O f6 16. Be3 a6 17. Bd3 Nxe3 18. fxe3 Rd8 19. Bf5 Bxf5 20. Rxf5 Be7
21. c4 Rd3 22. e4 Rhd8 23. Rf2 R8d4 24. Rff1 Rxd2 25. Rxd2 Rxd2 26. b3 Rd3 27.
Rf3 Rxf3 28. gxf3 Kc6 29. Kf2 b5 30. Ke3 bxc4 31. bxc4 Kb6 32. f4 exf4+ 33.
Kxf4 Bd6+ 34. Kf5 Bxh2 35. Ke6 Be5 0-1

[Event "XI Weekend D"]
[Site "Gorgonzola ITA"]
[Date "2006.11.19"]
[Round "6"]
[White "Bertoletti, Vincenzo"]
[Black "Paravella, Alberto"]
[Result "1/2-1/2"]
[WhiteElo "1463"]
[BlackElo "1470"]
[PlyCount "65"]
[EventDate "2006.11.11"]

1. d4 e6 2. e4 c5 3. Nf3 cxd4 4. Nxd4 Nf6 5. e5 Qa5+ 6. Nc3 Qxe5+ 7. Be2 Nc6 8.
Be3 Bb4 9. O-O Bxc3 10. bxc3 O-O 11. Nxc6 bxc6 12. Bd4 Qg5 13. f4 Qf5 14. Bd3
Ne4 15. Qe2 d5 16. Rae1 c5 17. Bxe4 dxe4 18. Be5 Bb7 19. Qb5 Bd5 20. c4 f6 21.
Bc7 Rac8 22. Qxc5 Bxc4 23. Qxc4 Rf7 24. Rxe4 Rfxc7 25. Qxe6+ Qxe6 26. Rxe6 Rxc2
27. Rf2 Rc1+ 28. Rf1 Rxf1+ 29. Kxf1 Rc1+ 30. Kf2 Ra1 31. Ra6 Rb1 32. Rxa7 Rb2+
33. Kf3 1/2-1/2

[Event "XI Weekend D"]
[Site "Gorgonzola ITA"]
[Date "2006.11.19"]
[Round "6"]
[White "Galli, Fabrizio"]
[Black "Da Campo, Giuseppe"]
[Result "0-1"]
[WhiteElo "1472"]
[BlackElo "1487"]
[PlyCount "116"]
[EventDate "2006.11.11"]

1. d4 Nf6 2. Nf3 g6 3. Nbd2 Bg7 4. e4 d6 5. Bc4 O-O 6. O-O a6 7. Re1 b5 8. Bd3
Bb7 9. Nb3 Nbd7 10. Na5 Rb8 11. Nxb7 Rxb7 12. Bf4 c5 13. c3 cxd4 14. cxd4 Qb6
15. Bg5 h6 16. Bh4 g5 17. Bg3 Nh5 18. Kf1 Nxg3+ 19. hxg3 Bxd4 20. Nxd4 Qxd4 21.
Qc2 Qc5 22. Qe2 Qe5 23. Rac1 Nc5 24. Bb1 Ne6 25. Qd3 Qd4 26. Qc2 Rc7 27. Qe2
Rfc8 28. Rxc7 Rxc7 29. e5 Qxe5 30. Qf3 Qxb2 31. Qa8+ Kg7 32. Qe4 Nf8 33. g4 Rc1
34. Rxc1 Qxc1+ 35. Ke2 Qb2+ 36. Kf3 Qc3+ 37. Ke2 Qe5 38. Ke3 Qxe4+ 39. Bxe4 Ne6
40. Bb7 Nc5 41. Bd5 b4 42. Kd4 e6 43. Bc6 b3 44. axb3 Nxb3+ 45. Kc3 Nc5 46. Kb4
Nd3+ 47. Ka5 Kf6 48. f3 Nc5 49. Kb4 Ke5 50. Be8 f5 51. gxf5 exf5 52. Bf7 Kf4
53. Bg6 g4 54. fxg4 fxg4 55. Bh5 g3 56. Bf3 Nd3+ 57. Ka5 Ne1 58. Bd5 Ke3 0-1

[Event "XI Weekend D"]
[Site "Gorgonzola ITA"]
[Date "2006.11.19"]
[Round "6"]
[White "Galli, Giuliano"]
[Black "Piana, Bruno"]
[Result "1/2-1/2"]
[WhiteElo "1412"]
[BlackElo "1449"]
[PlyCount "84"]
[EventDate "2006.11.11"]

1. e4 c5 2. Nf3 e6 3. d4 cxd4 4. Nxd4 Nf6 5. e5 Nd5 6. Nf3 Nc6 7. Bd3 Qc7 8.
O-O Nxe5 9. Nxe5 Qxe5 10. Re1 Qc7 11. Nd2 Be7 12. Nf3 O-O 13. a3 d6 14. c4 Nf6
15. h3 Bd7 16. Be3 Rfd8 17. Qc2 a5 18. Bg5 h6 19. Bh4 Rac8 20. Rac1 Bc6 21. Qe2
Qb6 22. Rb1 Bxf3 23. Qxf3 d5 24. cxd5 Rxd5 25. Bxf6 Bxf6 26. Be4 Rd2 27. Rf1
Rc5 28. Qf4 Qd6 29. Qxd6 Rxd6 30. Bxb7 Rb5 31. Bf3 Rxb2 32. Rxb2 Bxb2 33. a4
Rd4 34. Bc6 Rb4 35. Rd1 Be5 36. Kf1 Rf4 37. f3 Bd4 38. Rb1 e5 39. Rb5 Bc3 40.
Rb8+ Kh7 41. Be4+ g6 42. Rb5 Rf6 1/2-1/2

[Event "XI Weekend D"]
[Site "Gorgonzola ITA"]
[Date "2006.11.19"]
[Round "6"]
[White "Mazzarelli, Sergio"]
[Black "De Francisci, Alfredo"]
[Result "1/2-1/2"]
[WhiteElo "1452"]
[BlackElo "1434"]
[PlyCount "35"]
[EventDate "2006.11.11"]

1. d4 d5 2. c4 e6 3. Nc3 Nf6 4. cxd5 exd5 5. Bg5 Be7 6. Qc2 Be6 7. e3 O-O 8.
Bd3 Nbd7 9. Nge2 c6 10. O-O Re8 11. Rac1 Nf8 12. f3 Nh5 13. Bxe7 Qxe7 14. e4
dxe4 15. fxe4 Nf6 16. h3 Rad8 17. e5 Nd5 18. Nxd5 1/2-1/2

[Event "XI Weekend D"]
[Site "Gorgonzola ITA"]
[Date "2006.11.19"]
[Round "6"]
[White "Montagner, Enzo"]
[Black "Berton, Venanzio"]
[Result "0-1"]
[WhiteElo "1459"]
[BlackElo "1365"]
[PlyCount "140"]
[EventDate "2006.11.11"]

1. d4 c6 2. c4 d5 3. Nc3 Bf5 4. cxd5 cxd5 5. e3 a6 6. Nge2 e6 7. Ng3 Bg6 8. Be2
Bd6 9. f4 Nf6 10. O-O O-O 11. a3 Nbd7 12. h3 b5 13. b4 Rc8 14. Bd2 Ne8 15. Be1
Be7 16. Rc1 Bh4 17. Bd3 Bxd3 18. Qxd3 Nd6 19. Bf2 Qe7 20. f5 Bxg3 21. Bxg3 Nxf5
22. Bh2 Nb6 23. e4 dxe4 24. Nxe4 Nc4 25. Nc5 Rc6 26. Rce1 Qg5 27. Bf4 Qg6 28.
Nd7 Rd8 29. Ne5 Nxe5 30. Bxe5 f6 31. Qf3 Rc2 32. Bf4 Nh4 33. Qe4 Rxg2+ 34. Kh1
Re8 35. Qc6 h5 36. d5 Rc2 37. Rg1 Qxg1+ 38. Rxg1 Rxc6 39. dxc6 Rc8 40. c7 e5
41. Bg3 Nf5 42. Bh2 Rxc7 43. Rd1 Rc3 44. Ra1 Nh4 45. Bg1 Rxh3+ 46. Bh2 Nf3 47.
Kg2 Rxh2+ 48. Kxf3 g5 49. Kg3 Rh4 50. Rc1 Rc4 51. Ra1 Kf7 52. Kf3 Kg6 53. Ke3
h4 54. Kd3 g4 55. Rg1 f5 56. a4 Rxb4 57. axb5 axb5 58. Kc3 Rf4 59. Rd1 h3 60.
Rh1 Kg5 61. Kd2 Kh4 62. Ke2 g3 63. Rf1 h2 64. Rh1 Kh3 65. Ke3 Kg2 66. Re1 h1=Q
67. Re2+ Kh3 68. Kd3 Qf3+ 69. Kd2 Rd4+ 70. Ke1 Qh1# 0-1

[Event "XI Weekend D"]
[Site "Gorgonzola ITA"]
[Date "2006.11.19"]
[Round "6"]
[White "Radaelli, Pietro"]
[Black "Merlini, Luigi"]
[Result "1/2-1/2"]
[WhiteElo "1431"]
[BlackElo "1489"]
[PlyCount "67"]
[EventDate "2006.11.11"]

1. c4 c5 2. Nc3 Nc6 3. g3 e6 4. Bg2 Nf6 5. d3 Be7 6. e4 O-O 7. Nge2 Qc7 8. O-O
a6 9. f4 d6 10. h3 Bd7 11. Be3 Ne8 12. g4 f5 13. Qd2 fxg4 14. hxg4 Nf6 15. Bf3
Be8 16. Rf2 Bf7 17. Rh2 d5 18. cxd5 exd5 19. Nxd5 Bxd5 20. exd5 Nb4 21. Nc3 Qd7
22. a3 Nbxd5 23. Nxd5 Nxd5 24. Be4 Nf6 25. Bf5 Qd5 26. Qg2 Qxg2+ 27. Kxg2 g6
28. Be6+ Kg7 29. f5 Nxg4 30. Rah1 Nxe3+ 31. Kf3 Nxf5 32. Rxh7+ Kf6 33. Bxf5
gxf5 34. R1h6+ 1/2-1/2

[Event "XI Weekend D"]
[Site "Gorgonzola ITA"]
[Date "2006.11.19"]
[Round "6"]
[White "Spano', Pietro"]
[Black "Borzani, Luca"]
[Result "1-0"]
[WhiteElo "1413"]
[BlackElo "1437"]
[PlyCount "47"]
[EventDate "2006.11.11"]

1. d4 f5 2. c4 Nf6 3. Nc3 e6 4. e3 d5 5. cxd5 exd5 6. Bd3 c6 7. Nf3 Bd6 8. Qc2
Ne4 9. O-O O-O 10. g3 Qe8 11. Qe2 Nd7 12. Nd2 Qg6 13. f4 Nxg3 14. hxg3 Qxg3+
15. Kh1 Rf6 16. Nf3 Rh6+ 17. Nh2 Nf6 18. Rg1 Qh3 19. Bd2 Ng4 20. Rg2 Bd7 21.
Rf1 Re8 22. Rf3 Qxh2+ 23. Rxh2 Rxh2+ 24. Qxh2 1-0

[Event "XI Weekend D"]
[Site "Gorgonzola ITA"]
[Date "2006.11.19"]
[Round "6"]
[White "Tedoldi, Guido"]
[Black "Fornari, Sergio"]
[Result "1-0"]
[WhiteElo "1431"]
[BlackElo "1397"]
[PlyCount "79"]
[EventDate "2006.11.11"]

1. c4 e5 2. e4 Nc6 3. Nf3 Bc5 4. d3 d6 5. Nc3 Nge7 6. Be2 O-O 7. O-O f5 8. exf5
Nxf5 9. Rb1 a6 10. Nd5 h6 11. b4 Ba7 12. a3 Ncd4 13. Bb2 Nxf3+ 14. Bxf3 Nh4 15.
Be4 Bh3 16. Qh5 c6 17. Ne3 Be6 18. Bc3 Qf6 19. c5 d5 20. Bxe5 Qe7 21. Bd6 Qf7
22. Qxh4 dxe4 23. dxe4 Rfe8 24. Rbd1 b6 25. Rd2 bxc5 26. bxc5 Rad8 27. Rc1 Rd7
28. e5 Red8 29. Qa4 Bb8 30. Qxc6 Bxd6 31. cxd6 Qf4 32. Rc5 Ra7 33. d7 Qf7 34.
h3 Kh7 35. Qe4+ g6 36. Ng4 Bxg4 37. hxg4 Qe6 38. Rc6 Qg8 39. Rdd6 Kh8 40. Rxg6
1-0

[Event "C.to Provinciale BG"]
[Site "Bergamo ITA"]
[Date "2006.10.06"]
[Round "1"]
[White "Canova, Luca"]
[Black "Bosio, Giovanni"]
[Result "1-0"]
[WhiteElo "2088"]
[BlackElo "1643"]
[PlyCount "53"]
[EventDate "2006.10.06"]

1. e4 c5 2. Nf3 e6 3. d4 cxd4 4. Nxd4 Nc6 5. c4 a6 6. Nc3 g6 7. Be3 Bg7 8. Qd2
Nge7 9. Be2 b6 10. O-O Bb7 11. Rad1 O-O 12. Nc2 Bc8 13. f4 Qc7 14. b3 a5 15.
Na4 Rb8 16. Na3 Na7 17. Qd6 Qxd6 18. Rxd6 Nac6 19. Nb5 e5 20. f5 Nd4 21. Bxd4
exd4 22. f6 Nc6 23. fxg7 Kxg7 24. Nxd4 Re8 25. Nxc6 dxc6 26. Rxc6 Rxe4 27. Bf3
1-0

[Event "C.to Provinciale BG"]
[Site "Bergamo ITA"]
[Date "2006.10.06"]
[Round "1"]
[White "Gerali, Paolo"]
[Black "Testa, Luigi"]
[Result "1-0"]
[WhiteElo "1959"]
[BlackElo "1572"]
[PlyCount "63"]
[EventDate "2006.10.06"]

1. d4 d5 2. c4 Nf6 3. cxd5 Qxd5 4. Nc3 Qd8 5. Nf3 e6 6. e4 Be7 7. Bf4 a6 8. Bd3
c6 9. O-O O-O 10. Qb3 h6 11. Rad1 Nbd7 12. Bb1 Re8 13. Qc2 Nf8 14. Rfe1 Qa5 15.
Qb3 b5 16. Ne5 Bb7 17. Nd3 Rac8 18. Nc5 Ba8 19. a3 N6d7 20. Nxd7 Nxd7 21. d5 e5
22. dxc6 Bxc6 23. Ba2 exf4 24. Qxf7+ Kh8 25. Nd5 Bf6 26. Nxf6 Nxf6 27. e5 Rc7
28. Qg6 Rce7 29. e6 Qc7 30. Qd3 Qa5 31. Rc1 Qb6 32. Qd6 $139 1-0

[Event "C.to Provinciale BG"]
[Site "Bergamo ITA"]
[Date "2006.10.06"]
[Round "1"]
[White "Gerosa, Ottavio"]
[Black "Tentori, Giulio"]
[Result "0-1"]
[WhiteElo "1458"]
[BlackElo "1814"]
[PlyCount "44"]
[EventDate "2006.10.06"]

1. e4 e5 2. Nf3 Nf6 3. Nxe5 d6 4. Nf3 Nxe4 5. Qe2 Qe7 6. d3 Nf6 7. Bg5 Be6 8.
Nd4 Nbd7 9. Nc3 O-O-O 10. g3 h6 11. Bd2 Ne5 12. Bg2 Bg4 13. Qe3 a6 14. h3 c5
15. hxg4 cxd4 16. Qxd4 Nf3+ 17. Kd1 Nxd4 18. Re1 Qd7 19. Be3 Qxg4+ 20. Kc1 Nf3
21. Rh1 Ng5 22. f4 Qxg3 0-1

[Event "C.to Provinciale BG"]
[Site "Bergamo ITA"]
[Date "2006.10.06"]
[Round "1"]
[White "Giuliani, Andrea"]
[Black "Bassis, Ivano"]
[Result "0-1"]
[WhiteElo "1580"]
[BlackElo "2023"]
[PlyCount "22"]
[EventDate "2006.10.06"]

1. f4 d5 2. Nf3 g6 3. e3 Bg7 4. d4 c5 5. dxc5 Nc6 6. Bb5 Qa5+ 7. Nc3 Bxc3+ 8.
bxc3 Qxb5 9. Qxd5 Nf6 10. c4 Qb4+ 11. Qd2 Qxc4 0-1

[Event "C.to Provinciale BG"]
[Site "Bergamo ITA"]
[Date "2006.10.06"]
[Round "1"]
[White "Gucciardo, Salvatore"]
[Black "Cammarota, Vittorio"]
[Result "0-1"]
[WhiteElo "1560"]
[BlackElo "1926"]
[PlyCount "58"]
[EventDate "2006.10.06"]

1. e4 e5 2. Nf3 Nc6 3. Bb5 a6 4. Ba4 Nf6 5. O-O Nxe4 6. d4 b5 7. Bb3 d5 8. dxe5
Be6 9. c3 Be7 10. Nbd2 f5 11. exf6 Nxf6 12. Bc2 O-O 13. Nb3 Qd7 14. Nbd4 Nxd4
15. Nxd4 Bd6 16. Nxe6 Qxe6 17. Re1 Qd7 18. Qd3 g6 19. Bg5 c6 20. f3 Qc7 21. g3
Bxg3 22. Qe2 Rae8 23. Bxf6 Rxe2 24. Rxe2 Rxf6 25. hxg3 Qxg3+ 26. Rg2 Qxf3 27.
Re1 c5 28. Rd1 Qe3+ 29. Kh1 d4 0-1

[Event "C.to Provinciale BG"]
[Site "Bergamo ITA"]
[Date "2006.10.06"]
[Round "1"]
[White "Guerini, Sara"]
[Black "Stefanelli, Alfredo"]
[Result "0-1"]
[WhiteElo "1380"]
[BlackElo "1778"]
[PlyCount "78"]
[EventDate "2006.10.06"]

1. e4 c5 2. Nc3 Nc6 3. Nf3 d6 4. Bc4 e6 5. d3 Nf6 6. d4 cxd4 7. Nxd4 Be7 8. Be3
a6 9. a4 O-O 10. O-O Qc7 11. Qf3 Ne5 12. Qe2 Nxc4 13. b3 Ne5 14. Bd2 Bd7 15. f4
Nc6 16. Nf3 Rac8 17. Qd3 Nb4 18. Qe2 d5 19. e5 Ne4 20. Nxe4 dxe4 21. c3 exf3
22. Rxf3 Nd5 23. c4 Nb4 24. Qd1 Rcd8 25. Qb1 Bc6 26. Rh3 g6 27. Bc3 Qb6+ 28.
Kf1 Rd7 29. Qc1 Rfd8 30. Qb2 Nd3 31. Qc2 Be4 32. Qe2 Bxg2+ 33. Kxg2 Nxf4+ 34.
Kf1 Nxh3 35. Qf3 Rd3 36. Qg2 Rd1+ 37. Rxd1 Rxd1+ 38. Ke2 Nf4+ 39. Kxd1 Nxg2 0-1

[Event "C.to Provinciale BG"]
[Site "Bergamo ITA"]
[Date "2006.10.06"]
[Round "1"]
[White "Impellizzeri, Francesco"]
[Black "Brambilla, Augusto"]
[Result "1-0"]
[WhiteElo "1688"]
[BlackElo "1374"]
[PlyCount "71"]
[EventDate "2006.10.06"]

1. d4 d5 2. c4 Nf6 3. cxd5 Nxd5 4. e4 Nb6 5. Nf3 Bg4 6. Be2 N8d7 7. O-O c6 8.
Nc3 h6 9. Re1 e6 10. d5 exd5 11. exd5 Bd6 12. dxc6 Nc5 13. cxb7 Nxb7 14. Bb5+
Kf8 15. Re8+ Qxe8 16. Bxe8 Rxe8 17. Be3 Rd8 18. Qe2 g6 19. h3 Be6 20. Qa6 Nc5
21. Qxa7 Rb8 22. Bxc5 Nc8 23. Bxd6+ Nxd6 24. Qxb8+ Ne8 25. Nd4 Bd7 26. Re1 Kg7
27. Qe5+ Nf6 28. Nd5 Re8 29. Qxf6+ Kg8 30. Rxe8+ Bxe8 31. Qe7 Ba4 32. b3 Bxb3
33. axb3 Kg7 34. Ne6+ Kg8 35. Qf8+ Kh7 36. Qg7# 1-0

[Event "C.to Provinciale BG"]
[Site "Bergamo ITA"]
[Date "2006.10.06"]
[Round "1"]
[White "Luizaga, Lucas"]
[Black "Elsido, Massimo"]
[Result "0-1"]
[WhiteElo "1428"]
[BlackElo "1790"]
[PlyCount "86"]
[EventDate "2006.10.06"]

1. e4 e5 2. Nf3 Nc6 3. Bc4 Bc5 4. Nc3 Nf6 5. d3 O-O 6. O-O h6 7. h3 d6 8. a3
Nd4 9. b4 Nxf3+ 10. Qxf3 Bd4 11. Bd2 Nh7 12. Qg3 Kh8 13. Rab1 c6 14. a4 Be6 15.
Bxe6 fxe6 16. Ne2 Bb6 17. a5 Bc7 18. Bc3 Qg5 19. f4 Qxg3 20. Nxg3 exf4 21. Nh5
e5 22. d4 Kg8 23. b5 g6 24. Nxf4 exf4 25. bxc6 bxc6 26. Rb7 Rf7 27. Bd2 Ng5 28.
Rxf4 Rxf4 29. Bxf4 Bxa5 30. Bxd6 Nxe4 31. Be5 g5 32. Rg7+ Kf8 33. Rh7 Rd8 34.
Rh8+ Kf7 35. Rxh6 c5 36. dxc5 Nxc5 37. Rh7+ Ke6 38. Rxa7 Bb6 39. Bc7 Rd1+ 40.
Kh2 Bxa7 41. Ba5 Ne4 42. Bb4 Bg1+ 43. Kh1 Ng3# 0-1

[Event "C.to Provinciale BG"]
[Site "Bergamo ITA"]
[Date "2006.10.06"]
[Round "1"]
[White "Mangili, Riccardo"]
[Black "Mora, Paolo"]
[Result "0-1"]
[WhiteElo "1668"]
[BlackElo "2260"]
[PlyCount "44"]
[EventDate "2006.10.06"]

1. e4 e5 2. Nf3 Nc6 3. Bc4 Nf6 4. O-O Nxe4 5. Re1 d5 6. Bb5 Bc5 7. d4 exd4 8.
Nbd2 O-O 9. Nxe4 dxe4 10. Rxe4 Qd5 11. Bxc6 bxc6 12. Re5 Qd6 13. Qd3 Bb6 14.
Bd2 f6 15. Qb3+ Kh8 16. Bb4 c5 17. Bxc5 Bxc5 18. Rd5 Qb6 19. Qd3 Ba6 20. Qf5 g6
21. Qh3 Bc8 22. Qh4 Be6 0-1

[Event "C.to Provinciale BG"]
[Site "Bergamo ITA"]
[Date "2006.10.06"]
[Round "1"]
[White "Merletti, Vincenzo"]
[Black "Molteni, Costantino"]
[Result "1/2-1/2"]
[WhiteElo "1545"]
[BlackElo "1950"]
[PlyCount "86"]
[EventDate "2006.10.06"]

1. d4 Nf6 2. c4 e6 3. Nc3 c5 4. Nf3 d5 5. Bg5 dxc4 6. e4 Be7 7. Bxc4 Nc6 8.
Bxf6 Bxf6 9. dxc5 Bxc3+ 10. bxc3 Qa5 11. Qb3 Qxc5 12. O-O O-O 13. Qb5 Qe7 14.
Nd4 Bd7 15. Qxb7 Na5 16. Qc7 Nxc4 17. Qxc4 Rfc8 18. Qb3 Rab8 19. Qc2 Qa3 20.
Rfb1 Qxc3 21. Qxc3 Rxb1+ 22. Rxb1 Rxc3 23. Rd1 Ba4 24. Rb1 g6 25. f3 e5 26. Nb3
Rc2 27. a3 Rc3 28. Nd2 a6 29. Kf2 Bb5 30. Rb3 Rxb3 31. Nxb3 f6 32. Ke3 Kf7 33.
Kd2 Ke7 34. Kc3 Bf1 35. g3 Bg2 36. Nd2 f5 37. exf5 gxf5 38. Kc4 Kd6 39. f4 exf4
40. gxf4 Bc6 41. Kd4 Bd5 42. Nc4+ Bxc4 43. Kxc4 Kc6 1/2-1/2

[Event "C.to Provinciale BG"]
[Site "Bergamo ITA"]
[Date "2006.10.06"]
[Round "1"]
[White "Mora, Lorenzo"]
[Black "Sibella, Guido"]
[Result "1-0"]
[WhiteElo "1837"]
[BlackElo "1469"]
[PlyCount "69"]
[EventDate "2006.10.06"]

1. e4 e5 2. Nf3 Nc6 3. Bc4 d6 4. d4 Nf6 5. Ng5 d5 6. dxe5 Nxe4 7. Bxd5 Nxg5 8.
Bxc6+ bxc6 9. Qxd8+ Kxd8 10. Bxg5+ Be7 11. Bxe7+ Kxe7 12. Nc3 Be6 13. O-O-O f5
14. exf6+ gxf6 15. Rhe1 Rhg8 16. Ne4 Rgd8 17. Nc5 Rxd1+ 18. Kxd1 Rd8+ 19. Kc1
Rd6 20. f4 f5 21. b4 h5 22. Kb2 Kf6 23. Rxe6+ Rxe6 24. Nxe6 Kxe6 25. c4 Kd6 26.
Kc3 c5 27. b5 c6 28. a4 Kc7 29. Kd3 Kb6 30. h3 a6 31. bxa6 Kxa6 32. g4 hxg4 33.
h4 g3 34. Ke3 Ka5 35. h5 1-0

[Event "C.to Provinciale BG"]
[Site "Bergamo ITA"]
[Date "2006.10.06"]
[Round "1"]
[White "Nasoni, Paolo"]
[Black "Beretta, Giovanni"]
[Result "1-0"]
[WhiteElo "1901"]
[BlackElo "1532"]
[PlyCount "47"]
[EventDate "2006.10.06"]

1. c4 c5 2. Nc3 Nf6 3. g3 g6 4. Bg2 Bg7 5. Nf3 d6 6. O-O O-O 7. Rb1 a6 8. Re1
Re8 9. d4 Nbd7 10. dxc5 Nxc5 11. Qc2 Rb8 12. b4 Ncd7 13. Rd1 a5 14. a3 Qc7 15.
Nb5 Qd8 16. e4 Nb6 17. Nh4 Nbd7 18. Bb2 b6 19. e5 Ng4 20. exd6 exd6 21. Bxg7
Kxg7 22. Nxd6 Re6 23. Qd3 Nde5 24. Ndf5+ 1-0

[Event "C.to Provinciale BG"]
[Site "Bergamo ITA"]
[Date "2006.10.06"]
[Round "1"]
[White "Oteri, Aldo"]
[Black "Maggioni, Oliviero"]
[Result "1-0"]
[WhiteElo "1954"]
[BlackElo "1550"]
[PlyCount "59"]
[EventDate "2006.10.06"]

1. e4 c5 2. Nf3 e6 3. d4 cxd4 4. Nxd4 Nc6 5. Nb5 d6 6. Nd2 a6 7. Nc3 Nf6 8. Nf3
Be7 9. Be2 h6 10. O-O O-O 11. h3 b5 12. a3 Bb7 13. Bf4 e5 14. Be3 Re8 15. Qd2
Rc8 16. Nh2 Na5 17. f3 Nc4 18. Bxc4 Rxc4 19. Rfd1 Qd7 20. Nd5 Nxd5 21. exd5
Rec8 22. c3 a5 23. Ng4 Kf8 24. Nf2 a4 25. Qd3 f5 26. g4 f4 27. Bb6 Kg8 28. Qg6
Bf6 29. Ne4 Qe8 30. Nxf6+ 1-0

[Event "C.to Provinciale BG"]
[Site "Bergamo ITA"]
[Date "2006.10.06"]
[Round "1"]
[White "Riva, Carlo"]
[Black "Ranfagni, Stefano"]
[Result "0-1"]
[WhiteElo "1601"]
[BlackElo "2037"]
[PlyCount "46"]
[EventDate "2006.10.06"]

1. d4 e6 2. Bf4 f5 3. h3 Nf6 4. Nd2 Be7 5. e3 Nc6 6. Bg5 O-O 7. Ngf3 d6 8. g3
e5 9. dxe5 dxe5 10. Bc4+ Kh8 11. c3 e4 12. Nd4 Ne5 13. Qe2 c5 14. Nc2 a6 15. f4
Nd3+ 16. Kf1 b5 17. Bxd3 exd3 18. Qf3 dxc2 19. Qxa8 Qxd2 20. Qa7 c1=Q+ 21. Rxc1
Qxc1+ 22. Kg2 Qxe3 23. Qxe7 Qxe7 0-1

[Event "C.to Provinciale BG"]
[Site "Bergamo ITA"]
[Date "2006.10.06"]
[Round "1"]
[White "Salvetti, Carlo"]
[Black "Lanni, Vincenzo"]
[Result "0-1"]
[WhiteElo "1377"]
[BlackElo "1784"]
[PlyCount "60"]
[EventDate "2006.10.06"]

1. e4 g6 2. d4 Bg7 3. Nf3 d6 4. e5 Nh6 5. Nc3 O-O 6. Bc4 c6 7. exd6 exd6 8. d5
Re8+ 9. Be3 Nf5 10. O-O Nxe3 11. fxe3 b5 12. Bb3 b4 13. Na4 c5 14. c3 bxc3 15.
bxc3 Rxe3 16. Rc1 Bf5 17. Qd2 Re8 18. Rfe1 Rxe1+ 19. Rxe1 Nd7 20. c4 Ne5 21.
Bd1 Nxc4 22. Qf4 Ne5 23. Nc3 Nd3 24. Qd2 Nxe1 25. Qxe1 Qe8 26. Nb5 Qxe1+ 27.
Nxe1 Rb8 28. Ba4 Be5 29. Nxa7 Rb1 30. Kf2 Rb2+ 0-1

[Event "C.to Provinciale BG"]
[Site "Bergamo ITA"]
[Date "2006.10.06"]
[Round "1"]
[White "Valsecchi, Alessio"]
[Black "Di Mauro, Valerio"]
[Result "1-0"]
[WhiteElo "2030"]
[BlackElo "1586"]
[PlyCount "45"]
[EventDate "2006.10.06"]

1. e4 d5 2. exd5 Qxd5 3. Nc3 Qa5 4. d4 Nf6 5. Bc4 Bf5 6. Bd2 Qb6 7. Nf3 e6 8.
O-O c6 9. Qe2 Be7 10. Rfe1 O-O 11. Na4 Qc7 12. Nc5 Bxc5 13. dxc5 Nbd7 14. Bc3
Nd5 15. Bxd5 cxd5 16. b4 b6 17. Nd4 bxc5 18. Nxf5 exf5 19. Rad1 Rfe8 20. Qxe8+
Rxe8 21. Rxe8+ Nf8 22. Rxd5 h6 23. Rdd8 1-0

[Event "C.to Provinciale BG"]
[Site "Bergamo ITA"]
[Date "2006.10.13"]
[Round "2"]
[White "Basletta, Giovanni"]
[Black "Giuliani, Andrea"]
[Result "0-1"]
[WhiteElo "1377"]
[BlackElo "1580"]
[PlyCount "70"]
[EventDate "2006.10.06"]

1. d4 e6 2. Bf4 Nf6 3. Nf3 b6 4. e3 Bb7 5. Nbd2 Be7 6. Bd3 d5 7. Ne5 O-O 8. O-O
Nbd7 9. Ndf3 c5 10. c3 Nxe5 11. Nxe5 Bd6 12. Qf3 Ne4 13. Qh3 f5 14. b3 Bxe5 15.
Bxe5 Qg5 16. Rfe1 Rac8 17. c4 dxc4 18. Bxc4 Rfe8 19. f3 Nd2 20. f4 Qg6 21. Be2
Red8 22. Bh5 Qh6 23. Red1 Ne4 24. Rac1 g6 25. Be2 Qxh3 26. gxh3 Kf7 27. h4 h5
28. b4 cxb4 29. Rc4 Nc3 30. Rd2 Nxe2+ 31. Rxe2 Rxc4 32. Kf2 Rdc8 33. Kg3 Rc2
34. Re1 Rg2+ 35. Kh3 Rcc2 0-1

[Event "C.to Provinciale BG"]
[Site "Bergamo ITA"]
[Date "2006.10.13"]
[Round "2"]
[White "Bassis, Ivano"]
[Black "Mazzotti, Federico"]
[Result "1-0"]
[WhiteElo "2023"]
[BlackElo "1786"]
[PlyCount "45"]
[EventDate "2006.10.06"]

1. e4 c5 2. c3 d5 3. exd5 Qxd5 4. d4 cxd4 5. cxd4 Nc6 6. Nf3 Bg4 7. Be2 e6 8.
O-O Nf6 9. Nc3 Qd7 10. a3 Be7 11. Be3 O-O 12. Qa4 Nd5 13. Nxd5 Qxd5 14. h3 Bh5
15. Rac1 e5 16. Bc4 Qd7 17. d5 Bxf3 18. gxf3 Nb8 19. Qxd7 Nxd7 20. b4 a6 21. d6
Bd8 22. Bd5 a5 23. Bxb7 1-0

[Event "C.to Provinciale BG"]
[Site "Bergamo ITA"]
[Date "2006.10.13"]
[Round "2"]
[White "Beretta, Giovanni"]
[Black "Biava, Pierluigi"]
[Result "1-0"]
[WhiteElo "1532"]
[BlackElo "1811"]
[PlyCount "45"]
[EventDate "2006.10.06"]

1. c4 Nf6 2. Nc3 e6 3. e4 Bb4 4. e5 Ng8 5. d4 Ne7 6. a3 Bxc3+ 7. bxc3 c5 8. Nf3
Nbc6 9. d5 Na5 10. d6 Ng6 11. Bd3 Qb6 12. O-O Qa6 13. h4 Nc6 14. h5 Ngxe5 15.
Nxe5 Nxe5 16. Bf4 Nxd3 17. Qxd3 Qc6 18. Qg3 Kf8 19. h6 gxh6 20. Bxh6+ Ke8 21.
Rad1 Qe4 22. Qg7 f5 23. Qe7# 1-0